Statistics for NFL Team City's

Click here to take the quiz!

General Stats

  • This quiz has been taken 16 times
  • The average score is 31 of 32

Answer Stats

RestaurantsAnswer% Correct
ChicagoBears
100%
CincinnatiBengals
100%
BuffaloBills
100%
DenverBroncos
100%
ClevelandBrowns
100%
ArizonaCardinals
100%
Los AnglesChargers
100%
IndianapolisColts
100%
DallasCowboys
100%
MiamiDolphins
100%
AlantaFalcons
100%
New YorkGiants
100%
JacksonvilleJaguars
100%
New YorkJets
100%
DetroitLions
100%
Green BayPackers
100%
CarolinaPanthers
100%
New EnglandPatriots
100%
Los VegasRaiders
100%
Los AnglesRams
100%
BaltimoreRavens
100%
New OreleanSaints
100%
HoustonTexans
100%
MinnesotaVikings
100%
San Francisco49ers
93%
PhiladelphiaEagles
93%
SeattleSeahawks
93%
PittsburghSteelers
93%
Tampa BayBuccaneers
87%
Kansas CityCheifs
87%
WashingtonCommanders
87%
TennesseeTitans
87%

Score Distribution

Percentile by Number Answered

Percent of People with Each Score

Your Score History

You have not taken this quiz